000 00848cam a22002531 4500
001 635
003 BD-RjUL
005 20211208233217.0
008 131119s1962 nyu b 000 0 eng
035 _a(BD-RjUL) 653
035 _a(OCoLC)1368982
040 _aDLC
_cPCoR
_dOCoLC
_dDLC
_beng
041 _aeng
082 0 0 _a025.43
_bGUI 1962
245 1 0 _aGuide to use of Dewey decimal classification :
_bbased on the practice of the Decimal Classification Office at the Library of Congress /
_cby Lake Placid Club Education Foundation
260 _aLake Placid Club, N.Y. :
_bForest Press,
_c1962.
300 _a133 p. :
_c22 cm.
500 _aBibliography: p. 131-133.
650 0 _aClassification, Decimal.
_91420
710 2 _aLake Placid Club Education Foundation.
_91929
942 _2ddc
_cBK
999 _c635
_d635